Central Library OPAC University of Rajshahi

Thy hand, great anarch! : (Record no. 26413)

MARC details
000 -LEADER
fixed length control field 00768cam a2200253 a 4500
001 - CONTROL NUMBER
control field 26413
003 - CONTROL NUMBER IDENTIFIER
rucl marc code BD-RjUL
005 - DATE AND TIME OF LATEST TRANSACTION
control field 20211209051020.0
008 - FIXED-LENGTH DATA ELEMENTS--GENERAL INFORMATION
fixed length control field 140322s1987 enk 001 0aeng d
020 ## - INTERNATIONAL STANDARD BOOK NUMBER
International Standard Book Number 0701124768 :
035 ## - SYSTEM CONTROL NUMBER
System control number (BD-RjUL)26483
040 ## - CATALOGING SOURCE
Original cataloging agency BNB
Language of cataloging eng
Transcribing agency BNB
Modifying agency NGCL
-- ANL
-- BD-RjUL
041 ## - LANGUAGE CODE
Language code of text/sound track or separate title eng
082 04 - DEWEY DECIMAL CLASSIFICATION NUMBER
Classification number 954.0350924
Edition number 19
Author mark and year CHT 1987
100 1# - MAIN ENTRY--PERSONAL NAME
Personal name Chaudhuri, Nirad C.,
Dates associated with a name 1897-1999.
9 (RLIN) 73581
245 10 - TITLE STATEMENT
Title Thy hand, great anarch! :
Remainder of title India, 1921-1952 /
Statement of responsibility, etc. Nirad C. Chaudhuri.
260 ## - PUBLICATION, DISTRIBUTION, ETC. (IMPRINT)
Place of publication, distribution, etc. London :
Name of publisher, distributor, etc. Chatto & Windus,
Date of publication, distribution, etc. 1987.
300 ## - PHYSICAL DESCRIPTION
Pagination xxviii, 979 p. ;
Size 21cm.
504 ## - BIBLIOGRAPHY, ETC. NOTE
Bibliography, etc Includes index.
600 10 - SUBJECT ADDED ENTRY--PERSONAL NAME
Personal name Chaudhuri, Nirad C.
Fuller form of name (Nirad Chandra),
Dates associated with a name 1897-
651 #0 - SUBJECT ADDED ENTRY--GEOGRAPHIC NAME
Geographic name India
General subdivision Biography.
9 (RLIN) 80291
942 ## - ADDED ENTRY ELEMENTS (KOHA)
Source of classification or shelving scheme Dewey Decimal Classification
Koha item type Books
Holdings
Lost status Source of classification or shelving scheme Damaged status Not for loan Collection code Permanent Location Current Location Shelving location Date acquired Source of acquisition Cost, normal purchase price Total Checkouts Full call number Date last seen Copy number Koha item type
  Dewey Decimal Classification   Added to bundle Non-fiction Central Library, University of Rajshahi Central Library, University of Rajshahi Reading Room 28/03/1990 Uttar Bangla Library 1125.00   954.0350924 CHT 1987 22/03/2014 C-1 Books